| 000 | 00553 a2200157 4500 | ||
|---|---|---|---|
| 020 | _a 969415023X | ||
| 040 |
_aDLC _bDLC |
||
| 082 | _a301.29549 | ||
| 100 | _aAbbasi, Muhammad Yusuf. | ||
| 245 |
_aPakistani Cultur : A profile _h Muhammad Yusuf, Abbasi. |
||
| 260 |
_aIslamabad: _b National Institute of Historical & Cultureal Reserch, _c1991. |
||
| 300 |
_a xi, 454 p. ; _c 24 cm. |
||
| 500 | _aIncludes bibliographical references and index | ||
| 650 | _a1.Pakistan --Civilization. 2.Pakistan--Social life and customs. | ||
| 942 |
_cBK _k301.29549 ABB _2ddc |
||
| 999 |
_c7195 _d7195 |
||